|
|
|
|
| LEADER |
01018nam a22002537a 4500 |
| 001 |
30608 |
| 003 |
BD-DhAAL |
| 005 |
20241121111057.0 |
| 008 |
151231t1997 bg ||||| |||| 00| 0 eng d |
| 040 |
|
|
|a BD-DhAAL
|c BD-DhAAL
|
| 082 |
|
|
|2 22
|a 323.195492
|
| 245 |
|
|
|a Bangladesh :
|b democracy partnership /
|
| 260 |
|
|
|a Dhaka :
|b BRAC ;
|b The Asia Foundation ;
|b USAID,
|c 1997.
|
| 300 |
|
|
|a various paging ;
|b illustrations ;
|c 28 cm.
|
| 541 |
|
|
|a Complimentary copy from BRAC
|e 30608
|
| 650 |
|
|
|a Civil rights movements
|z Bangladesh.
|9 17086
|
| 650 |
|
|
|a Democracy
|z Bangladesh.
|9 17087
|
| 710 |
|
|
|a BRAC
|9 17088
|
| 710 |
|
|
|a The Asia Foundation
|9 17089
|
| 710 |
|
|
|a USAID
|9 17090
|
| 852 |
|
|
|a Ayesha Abed Library
|c BRAC Resource Section
|
| 942 |
|
|
|2 ddc
|c BK
|
| 999 |
|
|
|c 36483
|d 36483
|
| 952 |
|
|
|0 0
|1 0
|2 ddc
|4 0
|6 323_195492000000000_BAN
|7 1
|9 57438
|a BRACUL
|b BRACUL
|c BRS
|d 2015-12-31
|e Complimentary copy from BRAC
|l 0
|o 323.195492 BAN
|p 3010030608
|r 2015-12-31
|t 1
|w 2015-12-31
|y BK
|x Complimentary copy from BRAC; Price not available in register.
|